Safety in the use of asbestos

Detalles Bibliográficos
Formato: eBook
Lenguaje:inglés
Publicado: Geneva : International Labour Organization, represented by the International Labour Office (ILO), 1990
Materias:
Acceso en línea:http://www.vlex.com/source/11292

MARC

LEADER 00000nam a22000007a 4500
005 20130612162526.0
007 cr|||| ||||
008 130612e19909999sz |||||s|||| 00||0 eng d
020 |a 92-2-103872-6 
035 |a 11292 
040 |a vLex 
090 |c 4322  |d 4322 
245 0 0 |a Safety in the use of asbestos  |h [Recurso electrn̤ico]  
256 |a Servicio en ln̕ea 
260 |a Geneva :  |b International Labour Organization, represented by the International Labour Office (ILO),   |c 1990 
300 |a 1 Recurso electrn̤ico 
506 |a Contenido solo disponible en los productos indicados  |d vLex Global   |d vLex Global (Academic Edition, excluding Law Schools)  |d vLex Global (U.S. Academic Edition, Law Schools)  |d vLex Global (U.S. Academic Edition, excluding Law Schools)  |d vLex Global (Academic Edition, Law Schools) 
650 4 |a Derecho laboral y Seguridad Social 
650 4 |a Seguridad y Salud Laboral 
650 4 |a Asbesto 
740 |a vLex Libros (Servicio en ln̕ea) 
856 |a Acceso restringido  |u http://www.vlex.com/source/11292 
942 |c BOOK 
999 0 |a Labor laws and legislation